Políticas salariales enfrentan a gobiernos y sindicatos
Guardado en:
| 格式: | Texto |
|---|---|
| 主題: | |
| 標簽: |
添加標簽
沒有標簽, 成為第一個標記此記錄!
|
MARC
| LEADER | 00000 a a2200000 04500 | ||
|---|---|---|---|
| 001 | 1312 | ||
| 003 | |||
| 040 | |||
| 245 | |a Políticas salariales enfrentan a gobiernos y sindicatos | ||
| 650 | |a SALARIOS | ||
| 650 | |a SINDICATOS | ||
| 650 | |a ECONOMIA | ||
| 650 | |a COSTA RICA | ||
| 773 | |g número 14 -15; páginas 4-7 | ||
| 999 | |c 24848 |d 24848 | ||
